La generación del 98 en sus anécdotas / (Record no. 183009)

MARC details
000 -LEADER
campo de control de longitud fija 00901nam a2200253 i 4500
001 - NÚMERO DE CONTROL
campo de control 183009
003 - IDENTIFICADOR DE NÚMERO DE CONTROL
campo de control ES-MaACL
005 - FECHA Y HORA DE LA ÚLTIMA TRANSACCIÓN
campo de control 20240223125338.0
008 - DATOS DE LONGITUD FIJA--INFORMACIÓN GENERAL
campo de control de longitud fija 140113s2012 sp |||| |dspa d
020 ## - NÚMERO INTERNACIONAL ESTÁNDAR DEL LIBRO
Número Internacional Estándar del Libro 978-84-8472-700-2
080 ## - NÚMERO DE LA CLASIFICACIÓN DECIMAL UNIVERSAL
Número de la Clasificación Decimal Universal 929:821.134.2"19"(089.3)
100 1# - ENTRADA PRINCIPAL--NOMBRE DE PERSONA
Nombre de persona Esteban, José,
Fechas asociadas al nombre 1935-
9 (RLIN) 48033
245 13 - MENCIÓN DEL TÍTULO
Título La generación del 98 en sus anécdotas /
Mención de responsabilidad, etc. José Esteban.
260 ## - PUBLICACIÓN, DISTRIBUCIÓN, ETC.
Lugar de publicación, distribución, etc. Sevilla :
Nombre del editor, distribuidor, etc. Renacimiento,
Fecha de publicación, distribución, etc. 2012.
300 ## - DESCRIPCIÓN FÍSICA
Extensión 204 p. ;
Dimensiones 21 cm.
490 1# - MENCIÓN DE SERIE
Mención de serie Los cuatro vientos ;
Designación de volumen o secuencia 69
650 #7 - PUNTO DE ACCESO ADICIONAL DE MATERIA--TÉRMINO DE MATERIA
Término de materia o nombre geográfico como elemento de entrada Generación del 98 (Literatura)
9 (RLIN) 13051
650 #4 - PUNTO DE ACCESO ADICIONAL DE MATERIA--TÉRMINO DE MATERIA
Término de materia o nombre geográfico como elemento de entrada Escritores españoles-
Subdivisión cronológica S.XX-
Subdivisión general Anécdotas.
9 (RLIN) 154127
830 1# - PUNTO DE ACCESO ADICIONAL DE SERIE-TÍTULO UNIFORME
Título uniforme Los cuatro vientos ;
Designación de volumen o secuencia 69
9 (RLIN) 180354
852 ## - LOCALIZACIÓN
Ubicación ES-MaACL
Número de control de estantería A-12960
itemnumber 189942
Sublocalización o colección R.149098
Ubicación en estantería Depósito 1
Signatura antigua Olim: N-5960
Encuadernación Donación: José Esteban
903 ## - NOMBRE PERSONAL DE DONANTE
a Esteban, José,
d 1935-
e Donante
9 48033
942 ## - ELEMENTOS DE ENTRADA SECUNDARIOS (KOHA)
Fuente del sistema de clasificación o colocación Clasificación decimal universal
Tipo de ítem Koha Libro impreso
Holdings
Estatus retirado Estado de pérdida Fuente del sistema de clasificación o colocación Estado de daño No para préstamo Biblioteca de origen Biblioteca actual Ubicación en estantería Fecha de adquisición Fuente de adquisición Total de préstamos Signatura topográfica completa Código de barras Visto por última vez Precio de reemplazo Tipo de ítem Koha
    Clasificación decimal universal     Biblioteca del Ateneo de Madrid Biblioteca del Ateneo de Madrid Depósito 1 13/01/2014 Donación   A-12960 1192348 23/02/2023 23/02/2023 Libro impreso